000 00764nam a2200229Ii 4500
003 JO-AjNU
008 230605s9999||||xx |||||||||||||| ||und||
017 _a2001/5/1006
020 _a9957-07-237-4
040 _aJO-AjNU
_bara
_erda
_cJO-AjNU
041 _aara
050 1 4 _aHF5549 .Z8862 2001
100 3 _aتأليف زويلف، مهدي حسن,
_eauthor
_942213
245 0 0 _aادارة الموارد البشرية:مدخل كمي
250 _aط1
264 3 1 _aعمان: دار الفكر للنشر والتوزيع،2001
300 _a240ص
336 _atext
_btxt
_2rdacontent
337 _aunmediated
_bn
_2rdamedia
338 _avolume
_bnc
_2rdacarrier
650 4 _aادارة الموارد البشرية-ادارة الافراد
_942214
999 _aA18058
_c21626
_d21626